Évfordulós töprengések
Elmentve itt :
| Szerző: | |
|---|---|
| Adatforrás: | Meister |
| Forrásdokumentuma: | Művelődés. - 3 sz., 1995, 21 p. |
| Nyelv: | magyar |
| Kulcsszavak: | intézménytörténet könyvkiadók DOMOKOS Géza Kriterion könyvkiadó |
| LEADER | 00427nab a2200157 i 4500 | ||
|---|---|---|---|
| 001 | bibPRO00001068 | ||
| 008 | 060524s1995 xx hun | ||
| 040 | |a Sz1 | ||
| 041 | |a hun | ||
| 100 | 1 | |a SZABÓ H. Gyula | |
| 245 | 1 | 0 | |a Évfordulós töprengések |c SZABÓ H. Gyula |
| 695 | |a intézménytörténet | ||
| 695 | |a könyvkiadók | ||
| 695 | |a DOMOKOS Géza | ||
| 695 | |a Kriterion könyvkiadó | ||
| 773 | 0 | |t Művelődés. - |g 3 sz., 1995, 21 p. | |